[Event "4. Moscu Open 2008"]
[Site "Moscu RUS"]
[Date "2008.02.03"]
[Round "2.111"]
[White "Ahmed, Sk. Nasir"]
[Black "Zhadanov, Vasili B"]
[Result "0-1"]
[WhiteElo "2379"]
[BlackElo "2164"]
[PlyCount "68"]
[EventDate "2008.02.02"]
[EventType "swiss"]
[EventRounds "9"]
[EventCountry "RUS"]
[Source "lmi"]
[SourceDate "2008.02.02"]

1. e4 e6 2. Qe2 c5 3. Nf3 Nc6 4. g3 g6 5. Bg2 Bg7 6. d3 Nge7 7. h4 h5 8. O-O d6
9. c3 b5 10. d4 b4 11. d5 Ne5 12. Nxe5 Bxe5 13. dxe6 fxe6 14. f4 Bg7 15. f5 Be5
16. Bf4 Bxf4 17. Rxf4 Rb8 18. fxg6 Nxg6 19. Rf2 Ne5 20. Bf3 Qe7 21. cxb4 Rxb4
22. Nc3 Qg7 23. Bxh5+ Ke7 24. Rg2 Rb6 25. a4 Qh6 26. Bf3 Qg6 27. Rf1 Ba6 28.
Nb5 Bb7 29. Re1 a6 30. Nc3 Rb4 31. Kh2 Bc6 32. Rf1 Rd4 33. Qxa6 Rg8 34. Qe2
Bxa4 0-1

[Event "4. Moscu Open 2008"]
[Site "Moscu RUS"]
[Date "2008.02.03"]
[Round "2.112"]
[White "Guerrero, Juan Carlos"]
[Black "Kalashian, David"]
[Result "0-1"]
[WhiteElo "2196"]
[BlackElo "2379"]
[PlyCount "106"]
[EventDate "2008.02.02"]
[EventType "swiss"]
[EventRounds "9"]
[EventCountry "RUS"]
[Source "lmi"]
[SourceDate "2008.02.02"]

1. d4 Nf6 2. c4 e6 3. Nf3 b6 4. g3 Ba6 5. b3 Bb4+ 6. Bd2 Be7 7. Bg2 c6 8. Bc3
d5 9. Ne5 Nfd7 10. Nxd7 Nxd7 11. Nd2 O-O 12. O-O Rc8 13. e4 b5 14. exd5 cxd5
15. c5 b4 16. Bxb4 Bxf1 17. Nxf1 Nb8 18. Ne3 Bf6 19. Ng4 Na6 20. Ba3 Nc7 21. b4
Rb8 22. Qd2 Be7 23. Bf1 Qe8 24. Bb2 Qa4 25. a3 a5 26. Ne5 Rfc8 27. Bd3 f6 28.
Bc2 Qe8 29. Nd3 axb4 30. axb4 Ra8 31. Re1 Rcb8 32. Nf4 Qf7 33. Bb3 Ra6 34. Re2
Bf8 35. Qe1 g5 36. Nd3 Bg7 37. f4 Qg6 38. Bc2 f5 39. fxg5 Qxg5 40. Nf4 Ra2 41.
Bc3 Bf6 42. Bb3 Rxe2 43. Qxe2 Kh8 44. Kg2 Qg4 45. Qd3 Qg8 46. Ba4 Ra8 47. Bc6
Ra2+ 48. Kg1 Bg5 49. Ne2 Qg6 50. Qf3 f4 51. b5 Nxb5 52. h4 Qb1+ 53. Kf2 Nxc3
0-1

[Event "4. Moscu Open 2008"]
[Site "Moscu RUS"]
[Date "2008.02.03"]
[Round "2.113"]
[White "Gagarin, Vasilij"]
[Black "Kaljaev, Viacheslav"]
[Result "1-0"]
[WhiteElo "2378"]
[BlackElo "2137"]
[PlyCount "134"]
[EventDate "2008.02.02"]
[EventType "swiss"]
[EventRounds "9"]
[EventCountry "RUS"]
[Source "lmi"]
[SourceDate "2008.02.02"]

1. d4 Nf6 2. c4 e6 3. Nc3 d5 4. cxd5 exd5 5. Bg5 Be7 6. e3 c6 7. Qc2 Be6 8. Bd3
Nbd7 9. Nge2 Rc8 10. O-O h6 11. Bh4 a6 12. Rad1 Nh5 13. Bxe7 Qxe7 14. Nf4 Nhf6
15. f3 O-O 16. Kh1 Qd6 17. a3 c5 18. dxc5 Nxc5 19. Qf2 Nxd3 20. Rxd3 Qc6 21.
Rfd1 Rfe8 22. h3 Qb6 23. Rd4 g5 24. Nd3 Rc4 25. Ne5 Rxd4 26. exd4 Nh5 27. Qd2
Kg7 28. Na4 Qb5 29. Nc5 Bc8 30. Re1 Re7 31. Kh2 b6 32. Ncd3 Qe8 33. Nb4 Bb7 34.
g3 a5 35. Nc2 Bc8 36. Kg2 Be6 37. Ne3 Qc8 38. Rh1 Qc7 39. Rc1 Qb8 40. Qe1 Rc7
41. Rxc7 Qxc7 42. Nd3 Qc8 43. Qh1 f5 44. h4 g4 45. Qc1 Qxc1 46. Nxc1 Nf6 47.
Nd3 h5 48. Nf4 Kf7 49. Kf2 gxf3 50. Kxf3 b5 51. Nd1 Bd7 52. Nc3 b4 53. axb4
axb4 54. Na2 b3 55. Nc1 Ba4 56. Ncd3 Bb5 57. Nc5 Bc4 58. Ke3 Ke7 59. Ng6+ Kd6
60. Kf4 Ne4 61. Nxe4+ fxe4 62. Ke3 Bb5 63. Nf4 Be8 64. Kd2 Ke7 65. Ng2 Bb5 66.
Ne3 Kd6 67. Kc3 Be2 1-0

[Event "4. Moscu Open 2008"]
[Site "Moscu RUS"]
[Date "2008.02.03"]
[Round "2.114"]
[White "Yudin, Ivan"]
[Black "Lebedev, Sergey"]
[Result "1-0"]
[WhiteElo "2176"]
[BlackElo "2590"]
[PlyCount "107"]
[EventDate "2008.02.02"]
[EventType "swiss"]
[EventRounds "9"]
[EventCountry "RUS"]
[Source "lmi"]
[SourceDate "2008.02.02"]

1. d4 d5 2. c4 e6 3. Nc3 Bb4 4. Nf3 Nf6 5. Bg5 h6 6. Bh4 dxc4 7. Bxf6 Qxf6 8.
Qa4+ Nc6 9. Ne5 Bd7 10. Nxc6 Bxc3+ 11. bxc3 Bxc6 12. Qxc4 O-O 13. f3 Qg5 14.
Qd3 f5 15. g3 f4 16. Kf2 Kh8 17. Rd1 e5 18. d5 Bd7 19. Bg2 Rf6 20. Qe4 Ra6 21.
Qc4 Rg6 22. g4 Qh4+ 23. Kf1 c6 24. Qe4 Qf6 25. d6 Rd8 26. h4 Bc8 27. h5 Rg5 28.
Qb4 b6 29. Kf2 c5 30. Qa4 Rd7 31. Rd2 Qd8 32. Rhd1 a6 33. Qb3 g6 34. Rb1 b5 35.
hxg6 Rxg6 36. Rh1 Kg7 37. c4 b4 38. Qb2 Qf6 39. Rd5 Rxd6 40. Rxc5 Be6 41. Rc7+
Bf7 42. Qxb4 e4 43. fxe4 Qd4+ 44. Kf1 Rb6 45. Qe1 Rxg4 46. Bf3 Rg3 47. Bh5 Rf6
48. Bxf7 Rxf7 49. Rxf7+ Kxf7 50. Qf2 Qxe4 51. Qa7+ Kg8 52. Qb8+ Kh7 53. Rh2
Qb1+ 54. Qxb1+ 1-0

[Event "4. Moscu Open 2008"]
[Site "Moscu RUS"]
[Date "2008.02.03"]
[Round "2.116"]
[White "Aldokhin, Ivan"]
[Black "Pileckis, Emilis"]
[Result "1/2-1/2"]
[WhiteElo "2172"]
[BlackElo "2364"]
[PlyCount "88"]
[EventDate "2008.02.02"]
[EventType "swiss"]
[EventRounds "9"]
[EventCountry "RUS"]
[Source "lmi"]
[SourceDate "2008.02.02"]

1. e4 c5 2. d4 cxd4 3. c3 Nf6 4. e5 Nd5 5. Nf3 Nc6 6. Bc4 Nb6 7. Bb3 d5 8. cxd4
Bg4 9. Be3 e6 10. O-O Be7 11. Nbd2 O-O 12. Qe2 Na5 13. Rfc1 Qd7 14. Bc2 Nbc4
15. Nxc4 Nxc4 16. Bd3 b5 17. a4 a6 18. b3 Na3 19. Qb2 b4 20. Nd2 Bd8 21. Nb1
Nxb1 22. Qxb1 Bf5 23. Bxf5 exf5 24. Qd3 Be7 25. Rc2 Rfc8 26. Rac1 Rxc2 27. Qxc2
Kf8 28. Kf1 g6 29. Qc6 Qxc6 30. Rxc6 Ke8 31. Rb6 Ra7 32. Bd2 a5 33. Rb5 Bd8 34.
Ke2 Rd7 35. Kd3 Kf8 36. Bh6+ Ke8 37. Bd2 Kf8 38. Rb8 Kg7 39. Ra8 h6 40. h4 g5
41. h5 Kh7 42. g3 Kg7 43. Ra6 Kh7 44. f3 Kg7 1/2-1/2

[Event "4. Moscu Open 2008"]
[Site "Moscu RUS"]
[Date "2008.02.03"]
[Round "2.117"]
[White "Kislov, Oleg"]
[Black "Antipov, Mikhail Al"]
[Result "1-0"]
[WhiteElo "2358"]
[BlackElo "2114"]
[PlyCount "45"]
[EventDate "2008.02.02"]
[EventType "swiss"]
[EventRounds "9"]
[EventCountry "RUS"]
[Source "lmi"]
[SourceDate "2008.02.02"]

1. d4 e6 2. e4 d5 3. Nc3 Bb4 4. Qd3 dxe4 5. Qxe4 Nf6 6. Qh4 O-O 7. Bg5 Nbd7 8.
Nf3 h6 9. Bd2 Nd5 10. Qg3 Kh8 11. Bd3 N7f6 12. Ne5 c5 13. a3 Bxc3 14. bxc3 cxd4
15. cxd4 Ne7 16. c3 b6 17. Qh3 Neg8 18. g4 Bb7 19. Rg1 Ne4 20. g5 Nxd2 21. Kxd2
Rc8 22. gxh6 Nxh6 23. Rxg7 1-0

[Event "4. Moscu Open 2008"]
[Site "Moscu RUS"]
[Date "2008.02.03"]
[Round "2.118"]
[White "Novikov, Valeri"]
[Black "Nezad, Husein Aziz"]
[Result "0-1"]
[WhiteElo "2143"]
[BlackElo "2355"]
[PlyCount "45"]
[EventDate "2008.02.02"]
[EventType "swiss"]
[EventRounds "9"]
[EventCountry "RUS"]
[Source "lmi"]
[SourceDate "2008.02.02"]

1. e4 c6 2. Nc3 d5 3. Nf3 Bg4 4. h3 Bh5 5. Be2 e6 6. O-O Nf6 7. e5 Nfd7 8. d4
c5 9. dxc5 Bxf3 10. Bxf3 Nxe5 11. Bxd5 exd5 12. Re1 Nbc6 13. Bf4 f6 14. Bxe5
fxe5 15. Qh5+ g6 16. Rxe5+ Be7 17. Qe2 Nxe5 18. Qxe5 O-O 19. Rd1 Bxc5 20. Nxd5
Qd6 21. Qc3 Rxf2 22. Kh1 Raf8 23. Qc4 0-1

[Event "4. Moscu Open 2008"]
[Site "Moscu RUS"]
[Date "2008.02.03"]
[Round "2.119"]
[White "Fazulyanov, Sergey"]
[Black "Kreines, Mikhail"]
[Result "1/2-1/2"]
[WhiteElo "2355"]
[BlackElo "2050"]
[PlyCount "68"]
[EventDate "2008.02.02"]
[EventType "swiss"]
[EventRounds "9"]
[EventCountry "RUS"]
[Source "lmi"]
[SourceDate "2008.02.02"]

1. e4 e5 2. Nf3 Nf6 3. Nxe5 d6 4. Nf3 Nxe4 5. Nc3 Nxc3 6. dxc3 Nc6 7. Bf4 Be7
8. Qd2 Be6 9. O-O-O Qd7 10. Bb5 a6 11. Ba4 b5 12. Bb3 Bxb3 13. cxb3 O-O-O 14.
Rhe1 Rhe8 15. Qd3 Bf6 16. Qxh7 g6 17. Qh3 Qxh3 18. gxh3 Ne5 19. Bxe5 Bxe5 20.
Kc2 Bf6 21. h4 Rh8 22. Re4 Rh7 23. Rde1 Rdh8 24. Rf4 Bxh4 25. Nxh4 Rxh4 26.
Rxf7 R4h7 27. Rf6 Rxh2 28. Re7 Rg2 29. Rff7 Rhh2 30. Rxc7+ Kd8 31. Rfd7+ Ke8
32. Rf7 Rxf2+ 33. Kd3 Rd2+ 34. Ke4 Rhe2+ 1/2-1/2

[Event "4. Moscu Open 2008"]
[Site "Moscu RUS"]
[Date "2008.02.03"]
[Round "2.121"]
[White "Sychev, Klementy"]
[Black "Egorov, Dmitry"]
[Result "0-1"]
[WhiteElo "2122"]
[BlackElo "2590"]
[PlyCount "67"]
[EventDate "2008.02.02"]
[EventType "swiss"]
[EventRounds "9"]
[EventCountry "RUS"]
[Source "lmi"]
[SourceDate "2008.02.02"]

1. d4 Nf6 2. c4 c5 3. d5 b5 4. cxb5 a6 5. b6 Qxb6 6. Nc3 d6 7. e4 g6 8. Nf3 Bg7
9. Be2 O-O 10. O-O Bg4 11. Nd2 Bxe2 12. Qxe2 Nbd7 13. Nc4 Qc7 14. f4 Nb6 15.
Bd2 Nxc4 16. Qxc4 Rab8 17. Na4 Qd7 18. Qc2 Nxe4 19. Qxe4 Bd4+ 20. Kh1 Qxa4 21.
f5 Rxb2 22. Bh6 Qc2 23. Qxc2 Rxc2 24. Bxf8 Bxa1 25. Bxe7 Be5 26. f6 Rxa2 27.
Rb1 Rb2 28. Rxb2 Bxb2 29. Bxd6 c4 30. Bb4 c3 31. d6 c2 32. Bd2 Bxf6 33. d7 a5
34. Bc1 0-1

[Event "4. Moscu Open 2008"]
[Site "Moscu RUS"]
[Date "2008.02.03"]
[Round "2.122"]
[White "Prihotko, Alexander"]
[Black "Adlai, Semion"]
[Result "1-0"]
[WhiteElo "2340"]
[BlackElo "2590"]
[PlyCount "58"]
[EventDate "2008.02.02"]
[EventType "swiss"]
[EventRounds "9"]
[EventCountry "RUS"]
[Source "lmi"]
[SourceDate "2008.02.02"]

1. e4 e5 2. Nf3 Nf6 3. Nc3 Nc6 4. Bb5 a6 5. Bxc6 dxc6 6. Nxe5 Nxe4 7. Nxe4 Qd4
8. O-O Qxe5 9. Re1 Be6 10. d4 Qf5 11. Bg5 h6 12. Bh4 g5 13. Bg3 O-O-O 14. Be5
Rg8 15. Nf6 Rg7 16. Qe2 g4 17. c4 Rg6 18. Ne4 Bb4 19. Red1 h5 20. c5 Bd5 21.
Ng3 Qg5 22. Qe3 Qxe3 23. fxe3 Re6 24. Bf4 h4 25. Nf5 h3 26. gxh3 Bf3 27. Rdc1
Bd2 28. Rf1 Rg8 29. Kf2 Be4 1-0

[Event "4. Moscu Open 2008"]
[Site "Moscu RUS"]
[Date "2008.02.03"]
[Round "2.123"]
[White "Ezhikov, Vitaly"]
[Black "Kozlov, Vladimir N"]
[Result "0-1"]
[WhiteElo "2314"]
[BlackElo "2337"]
[PlyCount "62"]
[EventDate "2008.02.02"]
[EventType "swiss"]
[EventRounds "9"]
[EventCountry "RUS"]
[Source "lmi"]
[SourceDate "2008.02.02"]

1. d4 Nf6 2. c4 c5 3. d5 e6 4. Nc3 exd5 5. cxd5 d6 6. Nf3 g6 7. Bf4 a6 8. a4
Bg7 9. e4 Bg4 10. Be2 Bxf3 11. Bxf3 O-O 12. O-O Qe7 13. Qc2 Nbd7 14. a5 Rfe8
15. h3 Ne5 16. Be2 Rac8 17. Rfe1 h6 18. Na4 g5 19. Bg3 Nfd7 20. b3 Ng6 21. Rac1
Be5 22. Bg4 Bxg3 23. Bxd7 Qxd7 24. Nb6 Qd8 25. Nxc8 Bf4 26. Nb6 Bxc1 27. Qxc1
Ne5 28. Qd2 Qf6 29. f3 Qxf3 30. Re2 Qxb3 31. h4 Qg3 0-1

[Event "4. Moscu Open 2008"]
[Site "Moscu RUS"]
[Date "2008.02.03"]
[Round "2.124"]
[White "Tjurin, Alexander P"]
[Black "Chizhikov, Vladislav"]
[Result "1-0"]
[WhiteElo "2337"]
[BlackElo "2590"]
[PlyCount "83"]
[EventDate "2008.02.02"]
[EventType "swiss"]
[EventRounds "9"]
[EventCountry "RUS"]
[Source "lmi"]
[SourceDate "2008.02.02"]

1. e4 c5 2. Nf3 d6 3. d4 cxd4 4. Nxd4 Nf6 5. Nc3 Nc6 6. g3 e6 7. Bg2 Be7 8.
Nxc6 bxc6 9. e5 Nd5 10. exd6 Bxd6 11. O-O O-O 12. Ne4 Ba6 13. Re1 Be7 14. a3
Qb6 15. Qf3 c5 16. Rb1 Rab8 17. Bg5 Bxg5 18. Nxg5 Bb7 19. Ne4 h6 20. Qh5 f5 21.
Nd2 f4 22. Qe5 fxg3 23. hxg3 Nc7 24. Nc4 Qa6 25. Bxb7 Qxb7 26. Qxc5 Qf3 27. Ne5
Qf5 28. Nd7 Qxc5 29. Nxc5 Rfd8 30. Nxe6 Nxe6 31. Rxe6 Rd2 32. Rc6 Re8 33. Rf1
Ree2 34. Rc8+ Kh7 35. b4 Rxc2 36. Rxc2 Rxc2 37. Re1 Ra2 38. Re3 Kg6 39. Re6+
Kf5 40. Ra6 Kg4 41. Kg2 g5 42. Rxa7 1-0

[Event "4. Moscu Open 2008"]
[Site "Moscu RUS"]
[Date "2008.02.03"]
[Round "2.125"]
[White "Vakhlamov, Igor L"]
[Black "Kruglov, Viktor"]
[Result "1/2-1/2"]
[WhiteElo "2068"]
[BlackElo "2336"]
[PlyCount "63"]
[EventDate "2008.02.02"]
[EventType "swiss"]
[EventRounds "9"]
[EventCountry "RUS"]
[Source "lmi"]
[SourceDate "2008.02.02"]

1. e4 c5 2. Nf3 d6 3. d4 cxd4 4. Nxd4 Nf6 5. Nc3 a6 6. h3 e6 7. g4 d5 8. exd5
Nxd5 9. Bd2 Bc5 10. Nb3 Ba7 11. Bg2 O-O 12. O-O Nc6 13. Nxd5 exd5 14. Re1 Qh4
15. Be3 Bxe3 16. Rxe3 Be6 17. Nd4 Nxd4 18. Qxd4 Rac8 19. c3 h5 20. Bxd5 Bxd5
21. Qxd5 hxg4 22. hxg4 Qxg4+ 23. Rg3 Qf4 24. Qxb7 Rb8 25. Qg2 Qf6 26. b3 Rfe8
27. Qf3 Qe5 28. Kg2 Rb6 29. Qe3 Qd5+ 30. Qf3 Qe5 31. Qe3 Qd5+ 32. Qf3 1/2-1/2

[Event "4. Moscu Open 2008"]
[Site "Moscu RUS"]
[Date "2008.02.03"]
[Round "2.126"]
[White "Davydov, Sergey P"]
[Black "Hudaberdin, Ravil"]
[Result "1-0"]
[WhiteElo "2335"]
[BlackElo "2590"]
[PlyCount "87"]
[EventDate "2008.02.02"]
[EventType "swiss"]
[EventRounds "9"]
[EventCountry "RUS"]
[Source "lmi"]
[SourceDate "2008.02.02"]

1. Nf3 d5 2. c4 c6 3. b3 e6 4. g3 Nf6 5. Bg2 Be7 6. Bb2 O-O 7. O-O Nbd7 8. d3
b6 9. Nbd2 Bb7 10. Qc2 Rc8 11. Rad1 Qc7 12. e4 dxe4 13. dxe4 e5 14. Qc3 Bd6 15.
Nh4 Rfe8 16. Nf5 Bf8 17. Qe3 h6 18. Qf3 c5 19. Ne3 a5 20. Nd5 Nxd5 21. exd5 Nf6
22. Rfe1 Bd6 23. Re3 Re7 24. Rde1 Rce8 25. Qe2 Bc8 26. h3 Bf5 27. Nf3 Nd7 28.
g4 Bg6 29. Nh4 Nf8 30. a4 f6 31. Kh1 Qd7 32. Be4 Bxe4+ 33. Rxe4 g6 34. Qd3 Kg7
35. R4e3 Rf7 36. Rf3 Qd8 37. Rg1 Qc7 38. Bc1 Qd8 39. Rfg3 Qd7 40. Nf5+ Kh7 41.
Bxh6 g5 42. Bxf8 Rexf8 43. Nxd6+ Kg7 44. Nxf7 1-0

[Event "4. Moscu Open 2008"]
[Site "Moscu RUS"]
[Date "2008.02.03"]
[Round "2.127"]
[White "Markevich, Arseniy"]
[Black "Umansky, Vladimir"]
[Result "0-1"]
[WhiteElo "2054"]
[BlackElo "2333"]
[PlyCount "56"]
[EventDate "2008.02.02"]
[EventType "swiss"]
[EventRounds "9"]
[EventCountry "RUS"]
[Source "lmi"]
[SourceDate "2008.02.02"]

1. d4 Nf6 2. Bg5 Ne4 3. Bf4 d5 4. e3 c6 5. Bd3 Qb6 6. Bxe4 Qxb2 7. Nd2 dxe4 8.
Ne2 Nd7 9. O-O g6 10. Rb1 Qxa2 11. Nb3 Qa6 12. Nc3 Bg7 13. Nxe4 b6 14. Qf3 O-O
15. Ra1 Qb7 16. Rfb1 e5 17. dxe5 Nxe5 18. Qg3 Qe7 19. Nd4 Bb7 20. Ng5 c5 21.
Nde6 fxe6 22. Bxe5 Rf5 23. Nf3 Bxf3 24. Bxg7 Kxg7 25. gxf3 Rg5 26. Rxb6 Rxg3+
27. hxg3 axb6 28. Rxa8 Qb7 0-1

[Event "4. Moscu Open 2008"]
[Site "Moscu RUS"]
[Date "2008.02.03"]
[Round "2.128"]
[White "Gvilava, Maya"]
[Black "Rjabzev, Konstantin"]
[Result "0-1"]
[WhiteElo "2039"]
[BlackElo "2332"]
[PlyCount "46"]
[EventDate "2008.02.02"]
[EventType "swiss"]
[EventRounds "9"]
[EventCountry "RUS"]
[Source "lmi"]
[SourceDate "2008.02.02"]

1. e4 d6 2. d4 Nd7 3. Bd3 c5 4. c3 g6 5. Ne2 Bg7 6. O-O Ngf6 7. h3 O-O 8. Be3
b6 9. Nd2 Bb7 10. f4 cxd4 11. cxd4 e5 12. Bc2 exd4 13. Bxd4 Re8 14. Nc3 Nc5 15.
Re1 Ne6 16. Be3 d5 17. exd5 Nxd5 18. Nxd5 Bxd5 19. f5 Nd4 20. fxg6 hxg6 21. Ba4
b5 22. Nb3 Nf5 23. Bxb5 Rxe3 0-1

[Event "4. Moscu Open 2008"]
[Site "Moscu RUS"]
[Date "2008.02.03"]
[Round "2.130"]
[White "Mingaliev, Ildar"]
[Black "Leontiev, Aleksandr V"]
[Result "0-1"]
[WhiteElo "1977"]
[BlackElo "2330"]
[PlyCount "56"]
[EventDate "2008.02.02"]
[EventType "swiss"]
[EventRounds "9"]
[EventCountry "RUS"]
[Source "lmi"]
[SourceDate "2008.02.02"]

1. e4 Nf6 2. e5 Nd5 3. c4 Nb6 4. d4 d6 5. f4 Bf5 6. Nf3 e6 7. Nc3 dxe5 8. fxe5
Bb4 9. Bd2 c5 10. a3 Bxc3 11. Bxc3 Nc6 12. Be2 cxd4 13. Bxd4 Be4 14. Bf2 Bxf3
15. Bxf3 Nxc4 16. Bxc6+ bxc6 17. Qe2 Qa5+ 18. b4 Qxe5 19. Qxe5 Nxe5 20. Ke2 O-O
21. Rhc1 Rfd8 22. Bg3 Rd5 23. Bxe5 Rxe5+ 24. Kf3 Rc8 25. a4 Kf8 26. b5 Ke7 27.
Rc4 Kd6 28. Rac1 c5 0-1

[Event "4. Moscu Open 2008"]
[Site "Moscu RUS"]
[Date "2008.02.03"]
[Round "2.131"]
[White "Bochkov, Mikhail"]
[Black "Zolotukhin, Valery"]
[Result "0-1"]
[WhiteElo "2314"]
[BlackElo "2330"]
[PlyCount "78"]
[EventDate "2008.02.02"]
[EventType "swiss"]
[EventRounds "9"]
[EventCountry "RUS"]
[Source "lmi"]
[SourceDate "2008.02.02"]

1. c4 Nf6 2. Nc3 g6 3. e4 d6 4. g3 Bg7 5. Nge2 O-O 6. Bg2 c5 7. O-O Nc6 8. d3
a6 9. h3 Ne8 10. f4 f5 11. exf5 gxf5 12. Kh2 Nc7 13. Re1 Ne6 14. Ng1 Kh8 15.
Nf3 Bd7 16. Nd5 Rb8 17. Rb1 b5 18. b3 Ned4 19. Bb2 e6 20. Ne3 Nxf3+ 21. Qxf3
Bxb2 22. Rxb2 Nd4 23. Qf2 Qf6 24. Rd2 a5 25. Nc2 Nxc2 26. Rxc2 a4 27. Qe3 Rfc8
28. Rd1 Qd4 29. Qe2 Rg8 30. Bf3 Rg6 31. Bh5 Rh6 32. h4 e5 33. Rf1 Rg8 34. Rcc1
Bc6 35. Rce1 Rxh5 36. Qxh5 Qxd3 37. Rg1 Bf3 38. g4 Qd2+ 39. Kh3 fxg4+ 0-1

[Event "4. Moscu Open 2008"]
[Site "Moscu RUS"]
[Date "2008.02.03"]
[Round "2.132"]
[White "Isaev, Yuri"]
[Black "Polonsky, Pavel"]
[Result "1-0"]
[WhiteElo "2328"]
[BlackElo "2101"]
[PlyCount "81"]
[EventDate "2008.02.02"]
[EventType "swiss"]
[EventRounds "9"]
[EventCountry "RUS"]
[Source "lmi"]
[SourceDate "2008.02.02"]

1. e4 c5 2. Nc3 e6 3. Nge2 d5 4. exd5 exd5 5. d4 Nf6 6. Bg5 Be6 7. Nf4 Nc6 8.
Bb5 a6 9. Bxc6+ bxc6 10. O-O h6 11. Nxe6 fxe6 12. Be3 Be7 13. dxc5 e5 14. f4 e4
15. b4 O-O 16. h3 a5 17. a3 axb4 18. axb4 Rxa1 19. Qxa1 Qb8 20. Qa4 Rd8 21. Ne2
Qb7 22. Nd4 Rc8 23. Ra1 Nh5 24. Qa7 Qxa7 25. Rxa7 Bf6 26. Ne2 g6 27. g4 Ng7 28.
Bd4 Bxd4+ 29. Nxd4 h5 30. Rd7 hxg4 31. hxg4 Ne8 32. g5 Kf8 33. Ne6+ Kg8 34. Rd8
Rxd8 35. Nxd8 d4 36. Nxc6 d3 37. cxd3 exd3 38. Kf2 Nc7 39. Ke3 Nd5+ 40. Kxd3
Nxf4+ 41. Kc4 1-0

[Event "4. Moscu Open 2008"]
[Site "Moscu RUS"]
[Date "2008.02.03"]
[Round "2.133"]
[White "Kanaev, Sergey"]
[Black "Lyaskovsky, Viktor"]
[Result "0-1"]
[WhiteElo "2314"]
[BlackElo "2326"]
[PlyCount "44"]
[EventDate "2008.02.02"]
[EventType "swiss"]
[EventRounds "9"]
[EventCountry "RUS"]
[Source "lmi"]
[SourceDate "2008.02.02"]

1. e4 c5 2. d3 Nc6 3. f3 g6 4. Be3 d6 5. Nc3 Bg7 6. Nge2 e5 7. Nd5 Be6 8. Nec3
f5 9. g3 Nf6 10. Bg5 h6 11. Nxf6+ Bxf6 12. Be3 Ne7 13. Qd2 Bg7 14. f4 Nc6 15.
h4 Qd7 16. h5 gxh5 17. Rxh5 Qf7 18. Be2 O-O-O 19. fxe5 Nxe5 20. Bxh6 fxe4 21.
Nxe4 Nf3+ 22. Bxf3 Qxf3 0-1

[Event "4. Moscu Open 2008"]
[Site "Moscu RUS"]
[Date "2008.02.04"]
[Round "3.1"]
[White "Novikov, Stanislav"]
[Black "Timofeev, Artyom"]
[Result "1/2-1/2"]
[WhiteElo "2545"]
[BlackElo "2664"]
[PlyCount "120"]
[EventDate "2008.02.02"]
[EventType "swiss"]
[EventRounds "9"]
[EventCountry "RUS"]
[Source "lmi"]
[SourceDate "2008.02.02"]

1. e4 c5 2. Nf3 e6 3. d4 cxd4 4. Nxd4 Nf6 5. Nc3 Nc6 6. Be2 d6 7. Be3 Be7 8.
O-O O-O 9. f4 e5 10. Ndb5 a6 11. fxe5 Nxe5 12. Nd4 b5 13. Nf5 Bxf5 14. Rxf5 Rc8
15. Qd2 b4 16. Nd5 Nxd5 17. exd5 a5 18. a3 Bf6 19. axb4 axb4 20. Bd4 g6 21. Rf2
Bh4 22. Rff1 Bg5 23. Qd1 Bh6 24. Ra6 Qh4 25. Rxd6 Qe4 26. c3 Be3+ 27. Bxe3
Qxe3+ 28. Kh1 bxc3 29. bxc3 Rxc3 30. Rdf6 Ra3 31. d6 Ra2 32. Bb5 Qg5 33. Qd5
Rd2 34. Qb7 Rb2 35. Qd5 Rd2 36. Qb7 Kg7 37. h3 Rb2 38. Qd5 Qd2 39. Qxd2 Rxd2
40. d7 Rb8 41. Ba4 h5 42. R6f2 Rd4 43. Rf4 Rd5 44. Kh2 f5 45. Rc1 Rb6 46. Rc7
Kh6 47. Rf2 Rbd6 48. Re2 Nxd7 49. Bxd7 Rxd7 50. Rxd7 Rxd7 51. h4 Kg7 52. Re6
Kf7 53. Ra6 Re7 54. g3 Re6 55. Ra5 Kf6 56. Kg2 Re4 57. Ra6+ Kg7 58. Ra7+ Kh6
59. Kf3 Rg4 60. Rf7 Ra4 1/2-1/2

[Event "4. Moscu Open 2008"]
[Site "Moscu RUS"]
[Date "2008.02.04"]
[Round "3.2"]
[White "Khairullin, Ildar"]
[Black "Tiviakov, Sergei"]
[Result "1/2-1/2"]
[WhiteElo "2544"]
[BlackElo "2649"]
[PlyCount "52"]
[EventDate "2008.02.02"]
[EventType "swiss"]
[EventRounds "9"]
[EventCountry "RUS"]
[Source "lmi"]
[SourceDate "2008.02.02"]

1. e4 c5 2. Nf3 Nc6 3. d4 cxd4 4. Nxd4 g6 5. Nc3 Bg7 6. Be3 Nf6 7. Bc4 O-O 8.
Bb3 d6 9. h3 Bd7 10. O-O a6 11. f4 b5 12. a3 Rc8 13. Ba2 Qc7 14. f5 Ne5 15. Nd5
Nxd5 16. Bxd5 Nc4 17. Bxc4 Qxc4 18. c3 e5 19. fxe6 fxe6 20. Re1 e5 21. Nf3 Qxe4
22. Bc5 Qc6 23. Bxd6 Qb6+ 24. Kh1 Rxf3 25. gxf3 Bc6 26. Kg2 Qb7 1/2-1/2

[Event "4. Moscu Open 2008"]
[Site "Moscu RUS"]
[Date "2008.02.04"]
[Round "3.3"]
[White "Miroshnichenko, Evgenij"]
[Black "Gasanov, Eldar"]
[Result "1/2-1/2"]
[WhiteElo "2647"]
[BlackElo "2541"]
[PlyCount "64"]
[EventDate "2008.02.02"]
[EventType "swiss"]
[EventRounds "9"]
[EventCountry "RUS"]
[Source "lmi"]
[SourceDate "2008.02.02"]

1. d4 d5 2. Nf3 Nf6 3. c4 c6 4. Qb3 dxc4 5. Qxc4 Bf5 6. g3 e6 7. Bg2 Nbd7 8.
O-O Be7 9. Nc3 O-O 10. Re1 Ne4 11. Qb3 Qb6 12. Nh4 Bxh4 13. gxh4 Ndf6 14. f3
Nxc3 15. bxc3 Qc7 16. e4 Bg6 17. e5 Nd5 18. Ba3 Rfd8 19. Bd6 Qd7 20. c4 Ne7 21.
Bh3 Nf5 22. Bxf5 Bxf5 23. a4 f6 24. Ra2 Qf7 25. Rg2 Rd7 26. Qe3 fxe5 27. Bxe5
Qh5 28. Qf4 Rf8 29. Rg5 Bg6 30. Qxf8+ Kxf8 31. Rxh5 Bxh5 32. Kf2 c5 1/2-1/2

[Event "4. Moscu Open 2008"]
[Site "Moscu RUS"]
[Date "2008.02.04"]
[Round "3.5"]
[White "Efimenko, Zahar"]
[Black "Hossain, Enamul"]
[Result "1-0"]
[WhiteElo "2638"]
[BlackElo "2522"]
[PlyCount "83"]
[EventDate "2008.02.02"]
[EventType "swiss"]
[EventRounds "9"]
[EventCountry "RUS"]
[Source "lmi"]
[SourceDate "2008.02.02"]

1. e4 c5 2. Nf3 Nc6 3. Nc3 g6 4. d4 cxd4 5. Nxd4 Bg7 6. Be3 Nf6 7. Bc4 O-O 8.
Bb3 d6 9. f3 Bd7 10. Qd2 Nxd4 11. Bxd4 b5 12. a4 bxa4 13. Bxa4 Bxa4 14. Rxa4
Qb8 15. b3 e6 16. O-O Rc8 17. Rfa1 Ne8 18. Kh1 Bxd4 19. Qxd4 Rc5 20. b4 Rc7 21.
b5 Rc5 22. R4a3 Qc7 23. b6 Qc6 24. bxa7 Nc7 25. h3 e5 26. Qe3 Kg7 27. Na4 Rb5
28. Nc3 Rc5 29. Rb3 h6 30. Raa3 Nb5 31. Nxb5 Rxb5 32. Kh2 Rb7 33. Rxb7 Qxb7 34.
c4 Qb4 35. Rb3 Qa5 36. Rb7 Qd8 37. Qd2 Qf6 38. Rd7 Qh4 39. Kh1 h5 40. Qd5 Qe1+
41. Kh2 Rf8 42. Qxd6 1-0

[Event "4. Moscu Open 2008"]
[Site "Moscu RUS"]
[Date "2008.02.04"]
[Round "3.6"]
[White "Yudin, Sergei"]
[Black "Naiditsch, Arkadij"]
[Result "1/2-1/2"]
[WhiteElo "2519"]
[BlackElo "2638"]
[PlyCount "104"]
[EventDate "2008.02.02"]
[EventType "swiss"]
[EventRounds "9"]
[EventCountry "RUS"]
[Source "lmi"]
[SourceDate "2008.02.02"]

1. e4 e5 2. Nf3 Nc6 3. Bc4 Nf6 4. d3 Be7 5. O-O O-O 6. Re1 d6 7. a4 Kh8 8. h3
Ng8 9. Nc3 f5 10. Nd5 Be6 11. c3 Qd7 12. a5 Nd8 13. Ne3 Bxc4 14. dxc4 f4 15.
Nd5 Ne6 16. b3 c6 17. Nxe7 Qxe7 18. Ba3 c5 19. b4 Rac8 20. Qb3 Nf6 21. Rab1 Rf7
22. Rbd1 Qc7 23. Rd3 Rd7 24. Red1 Rcd8 25. bxc5 Nxc5 26. Bxc5 Qxc5 27. Ng5 Re7
28. Qb4 Qxb4 29. cxb4 h6 30. Nf3 Nxe4 31. Re1 Ng5 32. Nxe5 Kh7 33. Kf1 Rde8 34.
Nf3 Nxf3 35. Rxe7 Rxe7 36. gxf3 Re6 37. Rd4 Rf6 38. Re4 b6 39. a6 d5 40. cxd5
Rd6 41. Rxf4 Rxd5 42. Rf7 Rd4 43. b5 Rd5 44. Rxa7 Rxb5 45. Rb7 Rb2 46. a7 Ra2
47. Ke1 b5 48. Kd1 b4 49. Kc1 b3 50. Kb1 Kg6 51. h4 h5 52. f4 Kf6 1/2-1/2